Heat and power thermodynamics / (Record no. 64469)

000 -LEADER
fixed length control field 01059cam a2200301 a 4500
001 - CONTROL NUMBER
control field 2105924
003 - CONTROL NUMBER IDENTIFIER
control field NUST - PNEC
005 - DATE AND TIME OF LATEST TRANSACTION
control field 20170116180846.0
008 - FIXED-LENGTH DATA ELEMENTS--GENERAL INFORMATION
fixed length control field 960322s1997 nyua 001 0 eng
010 ## - LIBRARY OF CONGRESS CONTROL NUMBER
LC control number 96015429
020 ## - INTERNATIONAL STANDARD BOOK NUMBER
International Standard Book Number 0827372574
040 ## - CATALOGING SOURCE
Original cataloging agency DLC
Transcribing agency LIBRARY
Modifying agency DLC
050 00 - LIBRARY OF CONGRESS CALL NUMBER
Classification number QC311
Item number .K27 1997
082 00 - DEWEY DECIMAL CLASSIFICATION NUMBER
Classification number 536.7 KAM
100 1# - MAIN ENTRY--PERSONAL NAME
Personal name Kamm, James.
245 10 - TITLE STATEMENT
Title Heat and power thermodynamics /
Statement of responsibility, etc. James Kamm.
246 14 - VARYING FORM OF TITLE
Title proper/short title Heat & power thermodynamics
260 ## - PUBLICATION, DISTRIBUTION, ETC.
Place of publication, distribution, etc. Albany :
Name of publisher, distributor, etc. Delmar Publishers,
Date of publication, distribution, etc. c1997.
300 ## - PHYSICAL DESCRIPTION
Extent xv, 539 p. :
Other physical details ill. ;
Dimensions 25 cm.
500 ## - GENERAL NOTE
General note Includes index.
538 ## - SYSTEM DETAILS NOTE
System details note System requirements for accompanying computer disk: Microsoft Excel Windows.
650 #0 - SUBJECT ADDED ENTRY--TOPICAL TERM
Topical term or geographic name entry element Thermodynamics
General subdivision Mathematics.
-- ME
650 #0 - SUBJECT ADDED ENTRY--TOPICAL TERM
Topical term or geographic name entry element Thermodynamics
General subdivision Industrial applications.
650 #0 - SUBJECT ADDED ENTRY--TOPICAL TERM
Topical term or geographic name entry element Heat engineering
General subdivision Mathematics.
906 ## - LOCAL DATA ELEMENT F, LDF (RLIN)
a 7
b cbc
c orignew
d 1
e ocip
f 19
g y-gencatlg
942 ## - ADDED ENTRY ELEMENTS (KOHA)
Source of classification or shelving scheme
Koha item type Book
Holdings
Withdrawn status Lost status Source of classification or shelving scheme Damaged status Not for loan Permanent Location Current Location Shelving location Date acquired Total Checkouts Full call number Barcode Date last seen Price effective from Koha item type
          Pakistan Navy Engineering College (PNEC) Pakistan Navy Engineering College (PNEC)       536.7 KAM PNECLIB-021863 08/22/2015   Book
© 2023 Central Library, National University of Sciences and Technology. All Rights Reserved.